League of Legends Champions by Passive Picture Quiz Stats

Quiz not verified by Sporcle

Challenge
Share
Tweet
Score 0/128 Timer 10:00
1 Play Today
% Correct
Yasuo
97.4%
Annie
96.3%
Malzahar
94.7%
Teemo
94.1%
Kha'Zix
93.2%
Brand
89.8%
Vi
88.7%
Caitlyn
87.7%
Orianna
85.6%
Talon
85.1%
Zac
84.4%
Alistar
83.8%
Gragas
83.4%
Lee Sin
82.2%
Eve
81.2%
Nautilus
81.2%
Ezreal
80.5%
Blitzcrank
79.1%
Braum
79.1%
Warwick
78.8%
Fizz
78%
Swain
77.9%
Malphite
77.7%
Miss Fortune
77.5%
Darius
77.3%
Zyra
77%
Vel'Koz
76.8%
Syndra
76.6%
Lucian
75%
Riven
74.8%
Master Yi
74.3%
Xerath
74.3%
Lulu
73.7%
Leona
73%
Twisted Fate
71.9%
Karthus
71.9%
Garen
71.1%
Lissandra
70.8%
Kog'Maw
70.7%
Shaco
69.3%
Tryndamere
67.9%
Elise
66.8%
Ekko
66%
% Correct
Azir
65.4%
Singed
65.4%
Vayne
65.3%
Olaf
65%
Kindred
64.9%
Ashe
64.3%
Heimer
63.6%
Pantheon
62.8%
Hecarim
62.4%
Dr. Mundo
62.1%
Diana
61.5%
Leblanc
60%
Gangplank
59.8%
Ahri
58.9%
Janna
58.6%
Poppy
58%
Ziggs
55.9%
Sion
55.3%
Varus
55%
Veigar
54.9%
Renekton
54.4%
Viktor
53.7%
Illaoi
53.5%
Soraka
53.5%
Gnar
52.8%
Jinx
52.8%
Jax
51.5%
Lux
50.6%
Rengar
50.5%
Quinn
49.7%
Sejuani
49.5%
Bard
48.4%
Irelia
48.3%
Vladimir
47.6%
Nidalee
47%
Maokai
46.3%
Anivia
46.2%
Twitch
45.6%
Thresh
44.7%
Akali
44.1%
Jayce
44%
Aatrox
43.6%
Udyr
42.5%
% Correct
Rammus
42%
Nocturne
41.8%
Fiora
40%
Wukong
39.7%
Draven
39.3%
Kassadin
38.6%
Sona
38.5%
Kennen
38.3%
Shyvana
36.7%
Shen
35.8%
Cassiopeia
35.4%
Volibear
35%
Tristana
34.2%
Nasus
33.5%
Jarvan
32.2%
Trundle
31.1%
Galio
28.8%
Zilean
27.8%
Sivir
27.5%
Rumble
25.9%
Zed
24.5%
Graves
24.3%
Xin Zhao
24.2%
Skarner
23%
Tahm Kench
21.4%
Fiddle
20.7%
Nami
20.2%
Nunu
20.2%
Urgot
19.8%
Corki
18.5%
Ryze
17.8%
Kalista
17.7%
Rek'Sai
17%
Kayle
16.6%
Taric
15.2%
Karma
14.8%
Katarina
14.4%
Cho'Gath
13.6%
Yorick
12.4%
Mordekaiser
9.5%
Morgana
9%
Amumu
5.8%

You're not logged in!

Compare scores with friends on all Sporcle quizzes.
Sign Up with Email
OR
Log In

You Might Also Like...

Show Comments

Extras

Top Quizzes Today


Score Distribution

Your Account Isn't Verified!

In order to create a playlist on Sporcle, you need to verify the email address you used during registration. Go to your Sporcle Settings to finish the process.